000 00274nam a2200109Ia 4500
005 20251222143305.0
008 251222s9999||||xx |||||||||||||| ||spa||
082 _a269.298.5/A78
245 0 _aLa Evangelización del Perú:
264 _bArzobispado de Arequipa
942 _cLIB
999 _c15486
_d15486